An essay on the transfer of land by registration (Record no. 166472)

MARC details
000 -LEADER
campo de control de longitud fija 00764nam a22002055i 4500
001 - NÚMERO DE CONTROL
campo de control 166472
003 - IDENTIFICADOR DE NÚMERO DE CONTROL
campo de control ES-MaACL
005 - FECHA Y HORA DE LA ÚLTIMA TRANSACCIÓN
campo de control 20241027182757.0
008 - DATOS DE LONGITUD FIJA--INFORMACIÓN GENERAL
campo de control de longitud fija 050913q1875 xxk | |||||||| ||eng d
100 1# - ENTRADA PRINCIPAL--NOMBRE DE PERSONA
Nombre de persona Torrens, Robert.
9 (RLIN) 133322
245 13 - MENCIÓN DEL TÍTULO
Título An essay on the transfer of land by registration
Resto del título : under the duplicate method operative in british colonies /
Mención de responsabilidad, etc. by Sir Robert Torrens.
260 ## - PUBLICACIÓN, DISTRIBUCIÓN, ETC.
Lugar de publicación, distribución, etc. London :
Nombre del editor, distribuidor, etc. Cassell & Company,
Fecha de publicación, distribución, etc. [ca. 1875]
300 ## - DESCRIPCIÓN FÍSICA
Extensión 88 p. ;
Dimensiones 17 cm.
596 ## - NOTA AL PIE DE IMPRENTA
NOTA AL PIE DE IMPRENTA Según el BLPC imp. ca. 1870-1882.
651 #4 - PUNTO DE ACCESO ADICIONAL DE MATERIA--NOMBRE GEOGRÁFICO
Nombre geográfico Gran Bretaña-
Subdivisión general Colonias.
9 (RLIN) 137194
752 ## - ENTRADA AGREGADA--NOMBRE JERÁRQUICO DEL LUGAR
País o entidad superior Gran Bretaña -
Ciudad Londres
852 ## - LOCALIZACIÓN
Ubicación ES-MaACL
Número de control de estantería T-1444-F-5
Nota libre - Enc. hol., falto de cub. original
-- - Enc. en un vol. facticio
942 ## - ELEMENTOS DE ENTRADA SECUNDARIOS (KOHA)
Fuente del sistema de clasificación o colocación Clasificación decimal universal
Holdings
Estatus retirado Estado de pérdida Fuente del sistema de clasificación o colocación Estado de daño No para préstamo Colección Biblioteca de origen Biblioteca actual Ubicación en estantería Fecha de adquisición Total de préstamos Signatura topográfica completa Código de barras Visto por última vez Precio de reemplazo Tipo de ítem Koha
    Clasificación decimal universal     Colección de folletos Biblioteca del Ateneo de Madrid Biblioteca del Ateneo de Madrid Depósito folletos 17/01/2008   T-1444-F-5 1174597 23/02/2023 23/02/2023 Folleto